000 01001nam a22002777a 4500
001 9443
003 FISKH
005 20260108152158.0
008 260108b cb ||||| |||| 00| 0 eng d
020 _a9780590458986
040 _aFISKH
_beng
_cFISKH
_dFISKH
050 _a PZ7.M992 G
082 _a900
100 _aMyers , Walter Dean
245 _aThe glory field /
_cBy Walter Dean Myers
260 _aNew York :
_bScholastic ,
_c1994 .
300 _a375 pages :
_billustrations ;
_c17 cm .
505 _aS
520 _aFollows a family's two hundred forty-one year history, from the capture of an African boy in the 1750s through the lives of his descendants, as their dreams and circumstances lead them away from and back to the small plot of land in South Carolina that they call the Glory Field.
521 8 _a800
_bLexile
521 8 _aS
_bRaz-Plus
650 _aCivil War
_vFiction
650 _aDiscrimination
_vFiction
942 _2ddc
_cBK
_n0
999 _c9443
_d9443